[Event "SVK Club Cup"]
[Site "Kremnica"]
[Date "2021.09.17"]
[Round "4.3"]
[White "Krivan, Gregor"]
[Black "Solcan, Martin"]
[Result "0-1"]
[WhiteElo "1472"]
[BlackElo "2046"]
[PlyCount "64"]
[EventDate "2021.09.15"]
[EventType "team-tourn"]
[EventRounds "7"]
[EventCountry "SVK"]
[SourceTitle "CBM 204 Extra"]
[Source "ChessBase"]
[SourceDate "2021.11.30"]
[SourceVersion "1"]
[SourceVersionDate "2021.11.30"]
[SourceQuality "1"]
[WhiteTeam "Modra III"]
[BlackTeam "Levice"]
[WhiteTeamCountry "SVK"]
[BlackTeamCountry "SVK"]

1. b3 Nf6 2. Bb2 g6 3. Nf3 Bg7 4. g3 0-0 5. Bg2 c5 6. c4 Nc6 7. 0-0 a6 8. d4 d6 9. Nbd2 cxd4 10. Nxd4 Bd7 11. a3 Rc8 12. Rb1 Qa5 13. N2f3 b5 14. cxb5 axb5 15. b4 Qa6 16. e3 Ng4 17. Qe2 Nce5 18. h3 Nxf3+ 19. Bxf3 Ne5 20. Rfc1 Bxh3 21. g4 h5 22. gxh5 g5 23. Bg2 Bxg2 24. Kxg2 Qb7+ 25. Kh2 Rxc1 26. Rxc1 Qe4 27. Rg1 Rc8 28. f3 Nxf3+ 29. Qxf3 Rc2+ 30. Rg2 Qh4+ 31. Kg1 Qe1+ 32. Kh2 Be5+ 0-1